প্রাচীন বাঙালি সমাজ ও সংস্কৃতি / (Record no. 29023)
[ view plain ]
| 000 -LEADER | |
|---|---|
| fixed length control field | 00767nam a22001937a 4500 |
| 003 - CONTROL NUMBER IDENTIFIER | |
| control field | BDDh-ASL |
| 005 - DATE AND TIME OF LATEST TRANSACTION | |
| control field | 20231015031006.0 |
| 008 - FIXED-LENGTH DATA ELEMENTS--GENERAL INFORMATION | |
| fixed length control field | 220626s2004 b ||||| |||| 00| 0 b d |
| 040 ## - CATALOGING SOURCE | |
| Transcribing agency | BDDh-ASL |
| 082 ## - DEWEY DECIMAL CLASSIFICATION NUMBER | |
| Classification number | 300.5492 |
| Item number | ALP |
| 100 1# - MAIN ENTRY--PERSONAL NAME | |
| 9 (RLIN) | 6379 |
| Personal name | আলম, ফয়েজ |
| 245 1# - TITLE STATEMENT | |
| Title | প্রাচীন বাঙালি সমাজ ও সংস্কৃতি / |
| 246 ## - VARYING FORM OF TITLE | |
| Title proper/short title | Prachin Bangalali Samaj O Sanskriti. |
| 260 ## - PUBLICATION, DISTRIBUTION, ETC. | |
| Place of publication, distribution, etc. | ঢাকা: |
| Name of publisher, distributor, etc. | র্যামন পাবলিশার্স, |
| Date of publication, distribution, etc. | ২০০৪। |
| 300 ## - PHYSICAL DESCRIPTION | |
| Extent | ২২০ পৃষ্ঠা: |
| Dimensions | ২২ সে.মি. |
| 504 ## - BIBLIOGRAPHY, ETC. NOTE | |
| Bibliography, etc. note | গ্রন্থপঞ্জি সংযুক্ত । |
| 650 #0 - SUBJECT ADDED ENTRY--TOPICAL TERM | |
| 9 (RLIN) | 5535 |
| Topical term or geographic name entry element | Social Science (সমাজ বিজ্ঞান) |
| 942 ## - ADDED ENTRY ELEMENTS (KOHA) | |
| Source of classification or shelving scheme | Dewey Decimal Classification |
| Koha item type | Books |
| Withdrawn status | Lost status | Source of classification or shelving scheme | Damaged status | Not for loan | Collection code | Home library | Current library | Shelving location | Date acquired | Source of acquisition | Total Checkouts | Full call number | Barcode | Date last seen | Copy number | Price effective from | Koha item type |
|---|---|---|---|---|---|---|---|---|---|---|---|---|---|---|---|---|---|
| Dewey Decimal Classification | Non-fiction | Asiatic Society Library | Asiatic Society Library | General Stacks | 06/26/2022 | Donated by Prof. Wakil Ahmed | 300.5492 ALP | 117162 | 06/26/2022 | C-1 | 06/26/2022 | Books |